<?xml version="1.0" encoding="UTF-8"?>
<record
    xmlns:xsi="http://www.w3.org/2001/XMLSchema-instance"
    xsi:schemaLocation="http://www.loc.gov/MARC21/slim http://www.loc.gov/standards/marcxml/schema/MARC21slim.xsd"
    xmlns="http://www.loc.gov/MARC21/slim">

  <leader>01585nam0a2200313   4500</leader>
  <controlfield tag="001">RU\NLR\bibl\1501826</controlfield>
  <controlfield tag="005">20260406095928.0</controlfield>
  <datafield tag="010" ind1=" " ind2=" ">
    <subfield code="a">978-5-94856-657-3</subfield>
    <subfield code="9">300</subfield>
  </datafield>
  <datafield tag="021" ind1=" " ind2=" ">
    <subfield code="a">RU</subfield>
    <subfield code="b">2010-16127</subfield>
    <subfield code="9">1076</subfield>
  </datafield>
  <datafield tag="035" ind1=" " ind2=" ">
    <subfield code="a">(NLR Aleph) 001493281</subfield>
  </datafield>
  <datafield tag="090" ind1=" " ind2=" ">
    <subfield code="a">1774775</subfield>
    <subfield code="c">1774775</subfield>
  </datafield>
  <datafield tag="100" ind1=" " ind2=" ">
    <subfield code="a">20100420d2009    |||y0rusy50      ca</subfield>
  </datafield>
  <datafield tag="101" ind1="0" ind2=" ">
    <subfield code="a">rus</subfield>
  </datafield>
  <datafield tag="102" ind1=" " ind2=" ">
    <subfield code="a">RU</subfield>
  </datafield>
  <datafield tag="105" ind1=" " ind2=" ">
    <subfield code="a">a   |||||||||</subfield>
  </datafield>
  <datafield tag="200" ind1="1" ind2=" ">
    <subfield code="a">&#x41F;&#x43E;&#x434;&#x433;&#x43E;&#x442;&#x43E;&#x432;&#x43A;&#x430; &#x43F;&#x440;&#x435;&#x434;&#x43F;&#x440;&#x438;&#x43D;&#x438;&#x43C;&#x430;&#x442;&#x435;&#x43B;&#x435;&#x439; &#x438; &#x440;&#x443;&#x43A;&#x43E;&#x432;&#x43E;&#x434;&#x438;&#x442;&#x435;&#x43B;&#x435;&#x439; &#x43C;&#x430;&#x43B;&#x43E;&#x433;&#x43E; &#x438; &#x441;&#x440;&#x435;&#x434;&#x43D;&#x435;&#x433;&#x43E; &#x431;&#x438;&#x437;&#x43D;&#x435;&#x441;&#x430;</subfield>
    <subfield code="e">&#x438;&#x43D;&#x43D;&#x43E;&#x432;&#x430;&#x446;&#x438;&#x43E;&#x43D;&#x43D;&#x44B;&#x439; &#x446;&#x438;&#x43A;&#x43B; &#x442;&#x440;&#x443;&#x434;&#x43E;&#x432; &#x434;&#x43B;&#x44F; &#x432;&#x44B;&#x441;&#x448;&#x435;&#x439; &#x448;&#x43A;&#x43E;&#x43B;&#x44B;</subfield>
    <subfield code="f">&#x410;.&#x411;. &#x41A;&#x440;&#x443;&#x442;&#x438;&#x43A;</subfield>
    <subfield code="g">&#x41C;-&#x432;&#x43E; &#x43E;&#x431;&#x440;&#x430;&#x437;&#x43E;&#x432;&#x430;&#x43D;&#x438;&#x44F; &#x438; &#x43D;&#x430;&#x443;&#x43A;&#x438; &#x420;&#x43E;&#x441;. &#x424;&#x435;&#x434;&#x435;&#x440;&#x430;&#x446;&#x438;&#x438;, &#x41F;&#x440;&#x430;&#x432;&#x438;&#x442;&#x435;&#x43B;&#x44C;&#x441;&#x442;&#x432;&#x43E; &#x41B;&#x435;&#x43D;&#x438;&#x43D;&#x433;&#x440;&#x430;&#x434;&#x441;&#x43A;&#x43E;&#x439; &#x43E;&#x431;&#x43B;&#x430;&#x441;&#x442;&#x438;, &#x410;&#x41E;&#x423; &#x412;&#x41F;&#x41E; "&#x41B;&#x435;&#x43D;&#x438;&#x43D;&#x433;&#x440;. &#x433;&#x43E;&#x441;. &#x443;&#x43D;-&#x442; &#x438;&#x43C;. &#x410;.&#x421;. &#x41F;&#x443;&#x448;&#x43A;&#x438;&#x43D;&#x430;"</subfield>
  </datafield>
  <datafield tag="210" ind1=" " ind2=" ">
    <subfield code="a">&#x421;&#x430;&#x43D;&#x43A;&#x442;-&#x41F;&#x435;&#x442;&#x435;&#x440;&#x431;&#x443;&#x440;&#x433;</subfield>
    <subfield code="c">&#x410;&#x441;&#x442;&#x435;&#x440;&#x438;&#x43E;&#x43D;</subfield>
    <subfield code="d">2009</subfield>
  </datafield>
  <datafield tag="215" ind1=" " ind2=" ">
    <subfield code="a">236 &#x441;.</subfield>
    <subfield code="c">&#x438;&#x43B;.</subfield>
    <subfield code="d">21</subfield>
  </datafield>
  <datafield tag="300" ind1=" " ind2=" ">
    <subfield code="a">&#x41D;&#x430; 4-&#x439; &#x441;. &#x43E;&#x431;&#x43B;. &#x430;&#x432;&#x442;.: &#x41A;&#x440;&#x443;&#x442;&#x438;&#x43A; &#x410;.&#x411;., &#x434;.&#x44D;.&#x43D;., &#x43F;&#x440;&#x43E;&#x444;., &#x417;&#x430;&#x441;&#x43B;. &#x434;&#x435;&#x44F;&#x442;. &#x43D;&#x430;&#x443;&#x43A;&#x438; &#x420;&#x43E;&#x441;. &#x424;&#x435;&#x434;&#x435;&#x440;&#x430;&#x446;&#x438;&#x438;</subfield>
  </datafield>
  <datafield tag="320" ind1=" " ind2=" ">
    <subfield code="a">&#x411;&#x438;&#x431;&#x43B;&#x438;&#x43E;&#x433;&#x440;.: &#x441;. 18 (23 &#x43D;&#x430;&#x437;&#x432;.)</subfield>
  </datafield>
  <datafield tag="320" ind1=" " ind2=" ">
    <subfield code="a">&#x421;&#x43F;&#x438;&#x441;&#x43E;&#x43A; &#x43E;&#x43F;&#x443;&#x431;&#x43B;. &#x440;&#x430;&#x431;&#x43E;&#x442; &#x430;&#x432;&#x442;.: &#x441;. 19-25</subfield>
  </datafield>
  <datafield tag="606" ind1="1" ind2=" ">
    <subfield code="a">&#x411;&#x438;&#x437;&#x43D;&#x435;&#x441;-&#x43E;&#x431;&#x440;&#x430;&#x437;&#x43E;&#x432;&#x430;&#x43D;&#x438;&#x435;</subfield>
    <subfield code="9">2080040</subfield>
    <subfield code="3">RU\NLR\auth\661255946</subfield>
  </datafield>
  <datafield tag="686" ind1=" " ind2=" ">
    <subfield code="a">&#x427;489.3</subfield>
  </datafield>
  <datafield tag="700" ind1=" " ind2="1">
    <subfield code="4">070</subfield>
    <subfield code="8">rus</subfield>
    <subfield code="7">ca</subfield>
    <subfield code="a">&#x41A;&#x440;&#x443;&#x442;&#x438;&#x43A;</subfield>
    <subfield code="b">&#x410;. &#x411;.</subfield>
    <subfield code="f">1945-</subfield>
    <subfield code="g">&#x410;&#x43B;&#x435;&#x43A;&#x441;&#x430;&#x43D;&#x434;&#x440; &#x411;&#x43E;&#x440;&#x438;&#x441;&#x43E;&#x432;&#x438;&#x447;</subfield>
    <subfield code="3">RU\NLR\auth\7774487</subfield>
    <subfield code="9">57415</subfield>
  </datafield>
  <datafield tag="801" ind1=" " ind2="0">
    <subfield code="a">RU</subfield>
    <subfield code="b">NLR</subfield>
    <subfield code="c">20100420</subfield>
    <subfield code="g">RCR</subfield>
  </datafield>
  <datafield tag="801" ind1=" " ind2="1">
    <subfield code="a">RU</subfield>
    <subfield code="b">NLR</subfield>
    <subfield code="c">20100420</subfield>
  </datafield>
  <datafield tag="942" ind1=" " ind2=" ">
    <subfield code="c">BOOK</subfield>
  </datafield>
  <datafield tag="980" ind1=" " ind2=" ">
    <subfield code="a">NB</subfield>
  </datafield>
  <datafield tag="995" ind1=" " ind2=" ">
    <subfield code="5">2010-04-20</subfield>
    <subfield code="a">ad</subfield>
    <subfield code="b">NLR01</subfield>
    <subfield code="c">NLR01</subfield>
    <subfield code="e">CSB</subfield>
    <subfield code="f">1-1182250</subfield>
    <subfield code="k">&#x421; 2010-2/175</subfield>
    <subfield code="o">0</subfield>
    <subfield code="r">BOOK</subfield>
    <subfield code="s">_20102175</subfield>
  </datafield>
  <datafield tag="995" ind1=" " ind2=" ">
    <subfield code="5">2010-04-20</subfield>
    <subfield code="a">ad</subfield>
    <subfield code="b">NLR01</subfield>
    <subfield code="c">NLR01</subfield>
    <subfield code="e">CSB</subfield>
    <subfield code="f">1-1182254</subfield>
    <subfield code="k">&#x421; 2010-2/175</subfield>
    <subfield code="o">0</subfield>
    <subfield code="r">BOOK</subfield>
    <subfield code="s">_20102175</subfield>
  </datafield>
</record>
